Laddar...

Rama setu Symbol of national unity /

Bibliografiska uppgifter
Huvudupphovsman: Subramanyan Swamy
Språk:Undetermined
Publicerad: New Delhi : Har-Anand Publications Pvt Ltd , 2008.
Ämnen:
LEADER 00769nam a2200193Ia 4500
001 158611
008 170722s9999 xx 000 0 und d
020 |a 9788124114186 
100 |a Subramanyan Swamy 
245 |a Rama setu  |b Symbol of national unity / 
260 |a New Delhi :  |b Har-Anand Publications Pvt Ltd ,  |c 2008. 
300 |a 224 p. 
653 |a Economics 
653 |a Rama Sethu 
923 |d 20080822  |n 000082 
942 |c GEN 
999 |c 137238  |d 137238 
952 |0 0  |1 0  |4 0  |6 X_421_211000000000000_P8P81  |7 0  |9 193708  |a LIB  |b LIB  |d 2013-03-25  |e D C Books  |o X421.211 P8-P8;1  |p 267773  |r 2017-08-12  |v 495.00  |w 2017-08-12  |y GEN 
952 |0 0  |1 0  |4 0  |6 X_421_211000000000000_P8P81  |7 0  |9 193709  |a LIB  |b LIB  |d 2013-03-25  |e Prabhus Books  |o X421.211 P8-P8;1  |p 271357  |r 2017-08-12  |v 495.00  |w 2017-08-12  |y GEN